000 00913nam0a22002651 4500
001 rc\880472
005 20250622030225.0
035 _a(NLR Aleph) 006058111
090 _a4879409
_c4879409
100 _a20041129d1983 |||y0rusy50 ca
101 0 _arus
102 _aRU
105 _ay |||||||||
200 1 _aТеория оптимальной стабилизации
_eУчеб. пособие
210 _aЛ.
_cЛГУ
_d1983
215 _a117 с.
_d20
300 _aВ надзаг.: М-во высш. и сред. спец. образования РСФСР, ЛГУ им. А.А. Жданова
320 _aБиблиогр.: с. 114-115
700 1 _aВойтенко
_bС.С.
_gСергей Семенович
701 1 _aСмирнов
_bЕ.Я.
_gЕвгений Яковлевич
801 0 _aRU
_bNLR
_gpsbo
801 1 _aRU
_bELAR
_2rusmarc
852 _aNLR
_j84-3/4444
942 _cBOOK
980 _aNB